La computadora y la educación general (Record no. 64557)

MARC details
000 -CABECERA
campo de control de longitud fija 00596nam a2200205 a 4500
005 - FECHA Y HORA DE LA ÚLTIMA TRANSACCIÓN
campo de control 20210219152942.0
008 - ELEMENTOS DE LONGITUD FIJA--INFORMACIÓN GENERAL
campo de control de longitud fija 991125n 000 0 spa u
035 ## - NÚMERO DE CONTROL DEL SISTEMA
Número de control de sistema UPN01000068431
100 ## - ASIENTO PRINCIPAL--NOMBRE PERSONAL
Nombre de persona BUSSMANN, Hans
222 ## - TÍTULO CLAVE
Título clave EDUCACION :
Información calificativa COLECCION SEMESTRAL DE APORTACIONES ALEMANAS RECIENTES EN LAS CIENCIAS PEDAGOGICAS
245 ## - MENCIÓN DE TÍTULO
Título La computadora y la educación general
300 ## - DESCRIPCIÓN FÍSICA
Extensión 71-85
362 ## - FECHAS DE PUBLICACIÓN Y/O DESIGNACIÓN SECUENCIAL
Fecha de publicación y/o designación secuencial 1989, vol. 39
653 0# - TERMINO DE INDIZACION - NO CONTROLADO
Término no controlado COMPUTADORA
653 0# - TERMINO DE INDIZACION - NO CONTROLADO
Término no controlado ENSEÑANZA
653 0# - TERMINO DE INDIZACION - NO CONTROLADO
Término no controlado MEDIOS DIDACTICOS
700 ## - ASIENTO SECUNDARIO--NOMBRE DE PERSONAL
Nombre de persona WERNER HEYMANN, Hans
904 ## - ELEMENTOS DE DATOS D LOCAL, LDD (RLIN)
a AC
b 006242
905 ## - TIPO DE MATERIAL
Tipo de material Articulo

No items available.